1383 1120 1555 1106 1507 1356 1563 1757 1228 1260 1676 1444 1124 1524 1751 1496 1696 1474 1935 1870 1474 1115 1779 1083 1579 1678 1260 1050 1060 1748 1776 1945 1860 1722 1999 1236 1818 1510 1222 1605 1938 1055 1406 1583 1680 1277 1575 1928 1640 1228 1241 1111 1815 1657 1214 1839 1544 1350 1000 1416 1264 1136 1916 1272 1713 1194 1966 1013 1926 1818 1931 1292 1552 1424 1576 1233 1534 1678 1434 1005 1452 1101 1504 1197 1785 1570 1672 1189 1505 1777 1455 1920 1381 1439 1548 1962 1643 1417 1177 BCNSPRNW ULIB Ver.6.0+V

เปลี่ยนเป็นภาษาไทย

Change to English
 แสดงรายละเอียดบรรณานุกรม
  กลับหน้าหลัก

Brief Record : Get Marc (ISO 2709) : E-mail record : QR code < ปิดหน้าต่าง
LEADER : 00000nam 2200000uu 4500
001    13399115072
003     ULIB
008    120709s2550||||th 000 0 tha d
020    ^a9789744723628
090    ^aนว.^bร930ฮ ล.1 2550
100 0  ^aโรว์ลิ่ง, เจ.เค.
245 00 ^aแฮร์รี่ พอตเตอร์ กับศิลาอาถรรพ์ เล่ม 1/^cโรว์ลิ่ง, เจ.เค.
250    ^aพิมพ์ครั้งที่ 27
260    ^aกรุงเทพฯ :^bนานมีบุ๊คส์,^c2550
300    ^a375 หน้า
710 1  ^aนานมีบุ๊คส์
945    ^p195^l0^i14049
995    ^aกัณชพร
999    ^aใช้งานได้ทุกระบบ
รายการนี้ยังไม่มีแท็ก
คุณยังไม่ได้ล็อกอิน คุณสามารถมีกิจกรรมร่วมกับเว็บไซต์ได้ แต่ต้องล็อกอินก่อน ::
  ล็อกอิน

รายการสื่อสารสนเทศ

ลำดับที่ ประเภท เลขเรียก/บาร์โค้ด สถานที่ สถานะ
1. วิทยาศาสตร์การแพทย์ และสุขภาพ
วิทยาศาสตร์การแพทย์ และสุขภาพ
นว. ร930ฮ ล.1 2550  
  Barcode: 14049
ห้องสมุดวิทยาเขตสวรรค์ประชารักษ์
►นวนิยาย
บนชั้น
  ขอยืม

รายการใกล้เคียง
    ผู้แต่ง [โรว์ลิ่ง, เจ.เค.]

BibComment


ยังไม่เคยถูกคอมเมนท์

คอมเมนท์ทรัพยากรรายการนี้
  คอมเมนท์: แฮร์รี่ พอตเตอร์..


 Copyright 2026. Bcnsprnw @Library